Fr. Conceicao Rodrigues College of Engineering

Inside Lotus 1-2-3 Macros (Record no. 26117)

MARC details
000 -LEADER
fixed length control field 00310nam a2200145Ia 4500
082 ## - DEWEY DECIMAL CLASSIFICATION NUMBER
Classification number 1.642
Item number RID
100 ## - MAIN ENTRY--PERSONAL NAME
Personal name Ridington/R/W/ Tucker/Scott
245 ## - TITLE STATEMENT
Title Inside Lotus 1-2-3 Macros
260 ## - PUBLICATION, DISTRIBUTION, ETC.
Name of publisher, distributor, etc. Brady
Place of publication, distribution, etc. New York
Date of publication, distribution, etc. 1988
300 ## - PHYSICAL DESCRIPTION
Extent 536
546 ## - LANGUAGE NOTE
Language note ENGLISH
654 ## - SUBJECT ADDED ENTRY--FACETED TOPICAL TERMS
Focus term Lotus
942 ## - ADDED ENTRY ELEMENTS (KOHA)
Koha item type Reference Book
Holdings
Withdrawn status Lost status Damaged status Not for loan Collection Home library Current library Shelving location Date acquired Cost, normal purchase price Total Checkouts Full call number Barcode Date last seen Cost, replacement price Price effective from Koha item type
        CRC Fr. Agnel's C.Rodrigues College of Engineering Fr. Agnel's C.Rodrigues College of Engineering   17/03/2023 435.00   1.642 RID 2614 17/03/2023 435.00 17/03/2023 Reference Book